000 00442nam a22001697a 4500
005 20251108165333.0
008 250721s1988 xx 000 0 ara d
082 1 4 _a956.93/أسع
100 1 _aالتميمي، أسعد
245 1 0 _aزوال إسرائيل حتمية قرآنيه /
264 _bالمؤلف،
_c1988.
300 _a183ص
650 1 7 _aاليهود
650 1 7 _aالتاريخ
942 _2ddc
_cBK
999 _c25426
_d25426